Normal view
MARC view
- Akan, A. Osman
Entry Personal Name
001 - CONTROL NUMBER
- control field: 110195
003 - CONTROL NUMBER IDENTIFIER
- control field: NUST
005 - DATE AND TIME OF LATEST TRANSACTION
- control field: 20230313185746.0
008 - FIXED-LENGTH DATA ELEMENTS
- fixed length control field: 230313|| aca||aabn | a|a d
040 ## - CATALOGING SOURCE
- Original cataloging agency: NUST
- Transcribing agency: NUST
100 ## - HEADING--PERSONAL NAME
- Personal name: Akan, A. Osman
670 ## - SOURCE DATA FOUND
- Source citation: Work cat.: (NUST)0: Akan, A. Osman, author., Open channel hydraulics.
